| 000 | 01085nam a22003017a 4500 | ||
|---|---|---|---|
| 003 | CHAP | ||
| 005 | 20220329134042.0 | ||
| 008 | 971013s1983 r 00010 d | ||
| 010 | _a14702 | ||
| 011 | _a15674 | ||
| 035 | _a19750 | ||
| 040 | _cCHAP | ||
| 090 | _aTesis | ||
| 100 | 0 | 0 |
_aHernández Vargas, Marco Julio. _954709 |
| 245 | _aIdentificación anatómica de las regiones musculares procedentes de las canales de bovinos y porcinos, destinadas a la preparación de cecina (tasajo) | ||
| 260 |
_aMéxico, D.F. : _bEl Autor, _c1983 |
||
| 300 |
_a40 h. _b: ilus. |
||
| 502 | _aTesis (Médico Veterinario Zootecnista) -- UNAM. Fac. de Medicina Veterinaria y Zootecnia | ||
| 590 |
_aALEPH _b10 _c20130110 _lUCH01 _h1236 |
||
| 590 |
_aBATCH-UPD _b10 _c20130110 _lUCH01 _h2226 |
||
| 590 |
_aBATCH-UPD _b10 _c20130410 _lUCH01 _h1522 |
||
| 590 |
_aBATCH-UPD _b10 _c20130914 _lUCH01 _h1528 |
||
| 590 |
_aCONVERSION _b10 _c20130109 _lUCH01 _h1309 |
||
| 650 | 1 | 4 |
_aGanado vacuno _xAnatomía y fisiología. _945433 |
| 901 | _aBK | ||
| 942 | _cTESIS | ||
| 949 |
_bBC _cTES _d-46074 _eTS1 _i19750 _si |
||
| 999 |
_c14702 _d14702 |
||